000 00910nac a22002777a 4500
001 BR8903548
003 BR-BrBNA
005 20240105120957.0
008 230509b bl.|||m| |||| 00| 0 por d
040 _aBR-BrBNA
_bpor
_cBiblioteca Nacional de Agricultura
072 _aJ10; N10
090 _a0120 BR8903548
100 1 _aWinkler, E.I.G.
110 1 _aCentro Nacional de Pesquisa de Fruteiras de Clima Temperado, Pelotas, RS (Brasil)
245 1 _aPaiol/silo para armazenamento de milho e outros produtos
260 3 _aPelotas, RS (Brasil):
_c1989.
300 _a11 p.
490 _aDocumentos - Centro Nacional de Pesquisa de Fruteiras de Clima Temperado (Brazil)
_vno. 33
_xISSN 0103-1287
650 _aMILHO
650 _aARMAZENAMENTO
650 _aPAIOL
650 _aSILO
650 _aTECNOLOGIA APROPRIADA
909 _a202312
_bLúcia Elande
_c55
_dLúcia Elande
942 _2AGRIS
_n0
_cMS
999 _c282562
_d282562